[Event "Kashem Chowdhury Rating-A 2019"]
[Site "Dhaka"]
[Date "2019.05.09"]
[Round "6.8"]
[White "Md. Jamal Uddin"]
[Black "Ahmed, Mahtabuddin"]
[Result "0-1"]
[WhiteElo "2084"]
[BlackElo "2036"]
[Annotator "NA RC"]
[PlyCount "100"]
[EventDate "2019.05.04"]
[EventType "swiss"]
[EventCountry "BAN"]
[SourceTitle "playchess.com"]
[Source "ChessBase"]
[SourceQuality "1"]
[TimeControl "5400+30"]

{[%evp 15,81,-4,-18,-17,-16,-35,-14,-35,-20,-37,-16,-42,0,0,0,-13,32767,-33,23,17,27,14,32767,32767,32767,32767,32767,32767,68,30,30,0,36,-15,0,-20,-7,-20,-20,-47,-20,-15,-10,-42,-10,-20,-80,-75,-67,-42,-105,-122,-134,-193,-185,-158,-210,-220,-202,-329,-356,-375,-401,-312,141,-776,-1067,-811]} 1. d4 {[%emt 0:01:18]} d5 {[%emt 0:00:38]} 2. c4 {[%emt 0:00:28]} c6 {[%emt 0:00:07]} 3. Nc3 {[%emt 0:00:31]} Nf6 {[%emt 0:00:02]} 4. e3 {[%emt 0:01:00]} Bf5 {[%emt 0:00:56]} 5. Qb3 {[%emt 0:01:28]} Qb6 {[%emt 0:06:16]} 6. c5 {[%emt 0:07:11] D10: Slav Defence: 3 cxd5 (without early Nf3) and 3 Nc3} (6. Qxb6 axb6 7. cxd5 Nxd5 8. Nxd5 cxd5 9. Ne2 Nc6 10. Nc3 e6 11. Bb5 Bb4 12. Bd2 Ra5 13. Be2 Kd7 14. a3 Raa8 15. f3 {½-½ (34) Feller,S (2574)-Bailet,P (2501) Brest 2018}) 6... Qc7 {[%emt 0:01:24]} 7. Nf3 {[%emt 0:01:16]} Nbd7 {[%emt 0:00:45]} 8. Nh4 {[%emt 0:04:41]} Bg6 {[%emt 0:08:48]} 9. f4 {[%emt 0:01:39]} e6 {[%emt 0:00:46]} 10. Be2 {[%emt 0:02:06]} Be4 {[%emt 0:14:18]} 11. O-O {[%emt 0:01:28]} Be7 {[%emt 0:05:55]} 12. Nf3 $146 {[%emt 0:04:12]} ({Predecessor:} 12. Nxe4 Nxe4 13. Nf3 O-O 14. Qc2 b6 15. cxb6 Qxb6 {1-0 (49) Ilandzis,S (2182)-Tsangaris,S (1992) Ano Liosia 2007}) 12... Bf5 {[%emt 0:01:11]} 13. Bd2 {[%emt 0:01:22]} Ne4 {[%emt 0:01:42]} 14. Nxe4 {[%emt 0:00:43]} Bxe4 {[%emt 0:00:06]} 15. Rac1 {[%emt 0:00:44]} O-O {[%emt 0:02:26]} 16. Be1 {[%emt 0:02:18]} Bxf3 {[%emt 0:05:42]} ({Better is} 16... b6 $15) 17. Bxf3 {[%emt 0:02:27]} f5 {[%emt 0:01:10]} 18. g4 {[%emt 0:01:22]} Nf6 {[%emt 0:02:35]} 19. g5 {[%emt 0:08:00]} Ne4 {[%emt 0:00:12]} 20. Rc2 {[%emt 0:00:50]} g6 {[%emt 0:01:19]} 21. h4 {[%emt 0:00:40]} Kg7 {[%emt 0:07:50]} ({Black should try} 21... b6 $11) 22. Rh2 {[%emt 0:02:52]} Rh8 {[%emt 0:00:21]} 23. Kg2 {[%emt 0:00:56]} h6 {[%emt 0:02:37]} 24. Rfh1 {[%emt 0:00:38]} h5 {[%emt 0:06:37]} 25. Bxe4 {[%emt 0:00:51]} fxe4 {[%emt 0:00:10]} 26. Bg3 {[%emt 0:02:14]} Qd7 {[%emt 0:00:44]} 27. f5 {[%emt 0:02:22]} exf5 {[%emt 0:00:13]} 28. Be5+ {[%emt 0:00:08]} Kh7 {[%emt 0:00:28]} 29. Bxh8 {[%emt 0:00:21]} Rxh8 {[%emt 0:00:06]} 30. Rf1 {[%emt 0:00:40]} Rf8 {[%emt 0:00:36]} 31. Kh1 {[%emt 0:01:35]} Bd8 {[%emt 0:00:33]} 32. Rg2 {[%emt 0:01:36]} Rf7 {[%emt 0:03:08]} 33. Qc3 {[%emt 0:00:57]} Bc7 {[%emt 0:01:17]} 34. b4 {[%emt 0:02:10]} (34. Rgf2 $17 {keeps fighting.}) 34... f4 {[%emt 0:04:02]} 35. exf4 {[%emt 0:01:26]} Bxf4 {[%emt 0:01:15]} 36. Qb3 {[%emt 0:10:14]} Qe6 {[%emt 0:04:03]} 37. b5 {[%emt 0:03:02]} e3 {[%emt 0:03:04]} 38. Qd3 {[%emt 0:01:17]} Qh3+ {[%emt 0:01:13]} 39. Kg1 {[%emt 0:00:07]} e2 $2 {[%emt 0:03:28]} (39... cxb5 $19 40. Qe2 Qxh4 41. Qxb5 Re7) 40. Qxe2 $19 {[%emt 0:09:17]} (40. Qxh3 $16 Be3+ {[%mdl 64] Double Attack} 41. Rgf2 Bxf2+ 42. Kh1) 40... Be3+ {[%emt 0:00:16] Double Attack} 41. Rff2 {[%emt 0:00:03]} Bxd4 {[%emt 0:03:18]} 42. Qxh5+ {[%emt 0:20:03]} gxh5 {[%emt 0:00:13]} 43. g6+ {[%emt 0:00:03]} Kg7 {[%emt 0:00:03]} 44. gxf7+ {[%emt 0:00:30]} Qxg2+ {[%emt 0:00:06]} 45. Kxg2 {[%emt 0:00:24]} Bxf2 {[%emt 0:00:02]} 46. Kxf2 {[%emt 0:00:29]} Kxf7 {[%emt 0:00:12]} 47. a4 {[%emt 0:00:06]} a6 {[%emt 0:00:12]} 48. b6 {[%emt 0:01:00]} Kf6 {[%emt 0:00:09]} 49. Ke3 {[%emt 0:00:13]} Ke5 {[%emt 0:00:12]} 50. Kd3 {[%emt 0:00:53]} d4 {[%emt 0:00:07] Kxd4+ [%clk 0:00:00]} 0-1

[Event "Kashem Chowdhury Rating-A 2019"]
[Site "Dhaka"]
[Date "2019.05.09"]
[Round "6.9"]
[White "Islam, Mohammad Aminul"]
[Black "Md.abu, Hanif"]
[Result "1-0"]
[WhiteElo "2027"]
[BlackElo "2042"]
[Annotator "NA RC"]
[PlyCount "103"]
[EventDate "2019.05.04"]
[EventType "swiss"]
[EventCountry "BAN"]
[SourceTitle "playchess.com"]
[Source "ChessBase"]
[SourceQuality "1"]
[TimeControl "5400+30"]

{[%evp 20,103,10,32767,29,31,23,19,37,30,32767,32767,32767,32767,52,32767,38,41,40,27,32767,67,142,58,43,32767,47,32767,30,9,35,25,40,12,70,70,63,68,32767,32767,32767,32767,32767,32767,32767,32767,32767,32767,278,159,179,161,170,6,81,116,116,130,74,141,289,155,145,152,211,231,320,534,317,612,465,1011,500,678,5110,455,29978,1925,32767,29975,5518,29989,29943,29990,29990,29991]} 1. Nf3 {[%emt 0:00:00]} d5 {[%emt 1:30:30]} 2. c4 {[%emt 0:00:00]} c6 {[%emt 0:00:09]} 3. Qc2 {[%emt 0:01:00]} Nf6 {[%emt 1:17:04]} 4. g3 {[%emt 0:00:00]} g6 {[%emt 0:00:13]} 5. b3 {[%emt 0:02:00]} Bg7 {[%emt 0:00:23]} 6. Bb2 {[%emt 0:00:00] A11: English Opening: 1...c6} Na6 {[%emt 0:00:33]} 7. Bg2 {[%emt 0:00:00]} Bf5 $146 {[%emt 0:00:42]} ({Predecessor:} 7... O-O 8. a3 b6 9. b4 Bb7 10. d4 c5 11. b5 Nc7 12. dxc5 bxc5 13. a4 d4 14. O-O {½-½ (34) Quinteros,M (2505)-Ivanov,I (2515) Luzern 1982}) 8. Qc1 {[%emt 0:03:30]} Rc8 {[%emt 0:00:42]} 9. O-O {[%emt 0:00:00]} O-O {[%emt 0:00:20]} 10. Na3 {[%emt 0:00:00]} Re8 {[%emt 0:00:42]} 11. d3 {[%emt 0:00:00]} Nb4 {[%emt 1:17:12]} 12. Nc2 {[%emt 0:00:00]} Nxc2 {[%emt 0:02:12]} 13. Qxc2 {[%emt 0:06:00]} Nh5 {[%emt 1:10:11]} 14. Bxg7 {[%emt 0:00:00]} Nxg7 {[%emt 0:00:04]} 15. e4 {[%emt 0:00:00]} Be6 {[%emt 0:00:58]} 16. Rfe1 {[%emt 0:00:00]} f6 {[%emt 0:00:34]} 17. Rad1 {[%emt 0:00:00]} Bg4 {[%emt 0:02:18]} 18. h3 {[%emt 0:02:30]} Bxf3 {[%emt 0:00:27]} 19. Bxf3 {[%emt 0:00:00]} e5 {[%emt 0:00:04]} 20. exd5 {[%emt 0:03:30]} cxd5 {[%emt 0:01:00] [#]} (20... Nf5 $142 21. Qb2 Nd4) 21. Qb2 {[%emt 0:00:00]} (21. Qc1 $1 $16) 21... dxc4 {[%emt 0:00:12]} 22. bxc4 {[%emt 0:00:00]} b6 {[%emt 0:01:08]} 23. Bd5+ {[%emt 0:00:00]} Kh8 $1 {[%emt 0:00:17]} 24. d4 {[%emt 0:00:00]} exd4 {[%emt 0:01:53]} 25. Qxd4 {[%emt 0:00:00]} Qd6 {[%emt 0:01:04]} 26. g4 {[%emt 0:00:00]} Re7 {[%emt 0:01:48]} 27. Rxe7 {[%emt 0:00:00]} Qxe7 {[%emt 0:00:33]} 28. Rd3 {[%emt 0:00:00]} Rd8 {[%emt 1:00:27]} 29. Re3 {[%emt 0:08:00]} Qd6 {[%emt 0:00:24]} 30. a4 {[%emt 0:00:00]} Re8 {[%emt 1:00:44]} 31. Kf1 {[%emt 0:00:00]} Rxe3 {[%emt 0:00:30]} 32. Qxe3 {[%emt 0:00:00]} Qe5 {[%emt 0:00:05]} 33. Qa3 {[%emt 0:00:00]} Qe8 {[%emt 0:05:07]} 34. a5 {[%emt 0:00:00]} (34. Qd6 $18) 34... Qd8 {[%emt 0:00:52]} 35. axb6 {[%emt 0:00:00]} axb6 {[%emt 0:00:03] [#]} 36. Ke1 $2 {[%emt 0:11:30]} (36. Bf7 $1 $18) 36... Qe8+ {[%emt 0:02:10] [#]} (36... h5 $11) 37. Kd2 $1 {[%emt 0:00:00]} Qd8 {[%emt 0:01:09] [#]} 38. Kc3 $1 {[%emt 0:12:30]} f5 {[%emt 0:00:15] [#]} 39. g5 $1 {[%emt 0:13:00]} f4 $2 {[%emt 0:00:03] [#]} (39... Nh5 $16) 40. Qa8 {[%emt 0:00:00]} ({Only move:} 40. Qa7 $1 $18) 40... Qxa8 {[%emt 0:00:28]} 41. Bxa8 {[%emt 0:00:00]} Ne6 {[%emt 0:00:17] [#]} 42. h4 $1 {[%emt 0:00:00]} h6 {[%emt 0:01:14]} 43. Bd5 {[%emt 0:00:00]} Nc7 {[%emt 0:00:06]} 44. Kd4 {[%emt 0:00:00]} hxg5 {[%emt 0:01:06]} 45. hxg5 {[%emt 0:00:00]} Kg7 {[%emt 0:53:52]} 46. Ke5 {[%emt 0:00:00]} b5 {[%emt 0:08:28]} 47. c5 {[%emt 0:00:00]} (47. Kd6 $142 Nxd5 48. Kxd5 (48. cxd5 b4 $11) 48... bxc4 49. Kxc4) 47... b4 {[%emt 0:03:18]} 48. Bc4 {[%emt 0:00:00]} b3 {[%emt 0:02:18]} 49. Bxb3 {[%emt 0:00:00]} f3 {[%emt 0:00:07]} 50. Bc4 {[%emt 0:00:00]} Kf8 {[%emt 0:00:07]} 51. Kd6 {[%emt 0:00:00]} Ne8+ {[%emt 0:00:04]} 52. Kd7 {[%emt 0:00:00]} 1-0

[Event "Kashem Chowdhury Rating-A 2019"]
[Site "Dhaka"]
[Date "2019.05.09"]
[Round "6.10"]
[White "Rahman, Syed Mahfuzur"]
[Black "Chowdhury, Sohel"]
[Result "1/2-1/2"]
[WhiteElo "2217"]
[BlackElo "2044"]
[Annotator "ChessBase"]
[PlyCount "82"]
[EventDate "2019.05.04"]
[EventType "swiss"]
[EventCountry "BAN"]
[SourceTitle "playchess.com"]
[Source "ChessBase"]
[SourceQuality "1"]
[TimeControl "5400+30"]

1. e4 {[%emt 0:00:00]} c6 {[%emt 0:00:00]} 2. d4 {[%emt 0:00:05]} d5 {[%emt 0:00:00]} 3. exd5 {[%emt 0:02:19]} cxd5 {[%emt 0:00:04]} 4. c4 {[%emt 0:00:03]} Nf6 {[%emt 0:01:52]} 5. Nc3 {[%emt 0:00:03]} e6 {[%emt 0:00:41]} 6. Nf3 {[%emt 0:00:17]} Nc6 {[%emt 0:00:18]} 7. c5 {[%emt 0:03:50]} Be7 {[%emt 0:00:00]} 8. Rb1 {[%emt 0:04:42]} Qc7 {[%emt 0:00:00]} 9. Nb5 {[%emt 0:11:49]} Qb8 {[%emt 0:01:30]} 10. g3 {[%emt 0:00:15]} Nh5 {[%emt 0:00:00]} 11. Be2 {[%emt 0:12:52]} a6 {[%emt 0:00:30]} 12. Nc3 {[%emt 0:00:08]} Bd7 {[%emt 0:01:00]} 13. Na4 {[%emt 0:02:33]} Bd8 {[%emt 0:01:30]} 14. O-O {[%emt 0:03:45]} O-O {[%emt 0:00:00]} 15. b4 {[%emt 0:06:48]} Nf6 {[%emt 0:00:00]} 16. Nc3 {[%emt 0:08:01]} h6 {[%emt 0:03:00]} 17. a4 {[%emt 0:01:14]} Ne4 {[%emt 0:00:00]} 18. Nxe4 {[%emt 0:01:41]} dxe4 {[%emt 0:00:00]} 19. Ne1 {[%emt 0:01:16]} Bf6 {[%emt 0:00:00]} 20. Nc2 {[%emt 0:38:19]} Rd8 {[%emt 0:00:00]} 21. b5 {[%emt 0:01:37]} axb5 {[%emt 0:00:00]} 22. axb5 {[%emt 0:00:02]} Nxd4 {[%emt 0:00:00]} 23. Nxd4 {[%emt 0:00:55]} Be8 {[%emt 0:00:00]} 24. Rb4 {[%emt 0:06:03]} e5 {[%emt 0:00:00]} 25. Qc2 {[%emt 0:00:31]} exd4 {[%emt 0:07:30]} 26. Qxe4 {[%emt 0:00:11]} Qe5 {[%emt 0:00:00]} 27. Qxe5 {[%emt 0:00:42]} Bxe5 {[%emt 0:00:00]} 28. Bf3 {[%emt 0:00:01]} Rac8 {[%emt 0:09:00]} 29. Bxb7 {[%emt 0:03:31]} Rxc5 {[%emt 0:00:00]} 30. b6 {[%emt 0:00:15]} Bb5 {[%emt 0:00:00]} 31. Re1 {[%emt 0:03:38]} Rb8 {[%emt 0:00:00]} 32. Bf3 {[%emt 0:00:16]} Rxb6 {[%emt 0:00:00]} 33. Ba3 {[%emt 0:02:10]} Rc3 {[%emt 0:00:00]} 34. Rxe5 {[%emt 0:02:31]} Rxa3 {[%emt 0:00:00]} 35. Be4 {[%emt 0:02:56]} Ra1+ {[%emt 0:00:00]} 36. Bb1 {[%emt 0:01:39]} d3 {[%emt 0:00:00]} 37. Rd5 {[%emt 0:02:50]} g6 {[%emt 0:13:30]} 38. f4 {[%emt 0:01:11]} Rc6 {[%emt 0:00:00]} 39. Rbxb5 {[%emt 0:00:54]} Rc1+ {[%emt 0:00:00]} 40. Kg2 {[%emt 0:01:11]} Raxb1 {[%emt 0:00:00]} 41. Rxb1 {[%emt 0:00:14]} Rxb1 {[%emt 0:00:00]} 1/2-1/2

[Event "Kashem Chowdhury Rating-A 2019"]
[Site "Dhaka"]
[Date "2019.05.09"]
[Round "6.11"]
[White "Alam, Monjur"]
[Black "Ghosh, Chanchal Kumer"]
[Result "0-1"]
[WhiteElo "2031"]
[BlackElo "2051"]
[Annotator "NA RC"]
[PlyCount "26"]
[EventDate "2019.05.04"]
[EventType "swiss"]
[EventCountry "BAN"]
[SourceTitle "playchess.com"]
[Source "ChessBase"]
[SourceQuality "1"]
[TimeControl "5400+30"]

1. d4 {[%emt 1:30:30]} d5 {[%emt 1:30:30]} 2. c4 {[%emt 0:00:30]} e6 {[%emt 0:00:30]} 3. e3 {[%emt 0:00:30]} Nf6 {[%emt 0:00:30]} 4. Bd3 {[%emt 0:00:30]} a6 {[%emt 0:00:30]} 5. Nf3 {[%emt 0:00:30]} Nbd7 {[%emt 0:00:30]} 6. Nc3 {[%emt 0:00:30]} b6 {[%emt 0:00:30]} 7. cxd5 {[%emt 0:00:30]} exd5 {[%emt 0:00:30]} 8. O-O {[%emt 0:00:30]} Bb7 {[%emt 0:00:30]} 9. Re1 {[%emt 0:00:30]} Bb4 {[%emt 0:00:30]} 10. Qb3 {[%emt 0:00:30]} Bxc3 {[%emt 0:00:30]} 11. bxc3 {[%emt 0:00:30]} O-O {[%emt 0:00:30]} 12. Qd1 {[%emt 0:00:30]} Re8 {[%emt 0:00:30]} 13. Bb2 $11 {[%emt 0:00:30]} c5 {[%emt 0:00:30]} 0-1

[Event "Kashem Chowdhury Rating-A 2019"]
[Site "Dhaka"]
[Date "2019.05.10"]
[Round "7.1"]
[White "Hossain, Enamul"]
[Black "Subrota, Biswas"]
[Result "1/2-1/2"]
[WhiteElo "2442"]
[BlackElo "2086"]
[Annotator "ChessBase"]
[PlyCount "111"]
[EventDate "2019.05.04"]
[EventType "swiss"]
[EventCountry "BAN"]
[SourceTitle "playchess.com"]
[Source "ChessBase"]
[SourceQuality "1"]
[TimeControl "5400+30"]

1. e4 {[%emt 0:00:00]} e5 {[%emt 0:03:38]} 2. Nf3 {[%emt 0:00:07]} Nc6 {[%emt 0:00:04]} 3. Bb5 {[%emt 0:00:36]} a6 {[%emt 0:00:04]} 4. Ba4 {[%emt 0:00:28]} Nf6 {[%emt 0:00:03]} 5. O-O {[%emt 0:00:17]} Be7 {[%emt 0:00:04]} 6. Bxc6 {[%emt 0:01:02]} dxc6 {[%emt 0:00:14]} 7. d3 {[%emt 0:00:15]} Nd7 {[%emt 0:02:16]} 8. Nbd2 {[%emt 0:00:14]} O-O {[%emt 0:00:20]} 9. Nc4 {[%emt 0:00:21]} f6 {[%emt 0:07:23]} 10. Nh4 {[%emt 0:01:09]} Nc5 {[%emt 0:02:01]} 11. Nf5 {[%emt 0:00:24]} Bxf5 {[%emt 0:02:02]} 12. exf5 {[%emt 0:00:03]} Qd7 {[%emt 0:08:35]} 13. Qg4 {[%emt 0:03:15]} Rfd8 {[%emt 0:21:42]} 14. Re1 {[%emt 0:04:04]} a5 {[%emt 0:10:31]} 15. Bd2 {[%emt 0:11:49]} b6 {[%emt 0:07:59]} 16. Rad1 {[%emt 0:05:52]} Nb7 {[%emt 0:01:32]} 17. f4 {[%emt 0:09:19]} b5 {[%emt 0:02:08]} 18. Ne3 {[%emt 0:00:31]} exf4 {[%emt 0:02:56]} 19. Qxf4 {[%emt 0:01:46]} Bc5 {[%emt 0:01:46]} 20. Kh1 {[%emt 0:01:43]} Re8 {[%emt 0:03:30]} 21. Nf1 {[%emt 0:05:52]} Bd6 {[%emt 0:02:23]} 22. Qf3 {[%emt 0:10:59]} Rxe1 {[%emt 0:00:26]} 23. Rxe1 {[%emt 0:06:20]} Re8 {[%emt 0:00:30]} 24. Rxe8+ {[%emt 0:00:36]} Qxe8 {[%emt 0:00:01]} 25. d4 {[%emt 0:00:16]} Qd7 {[%emt 0:04:34]} 26. c3 {[%emt 0:07:21]} Nd8 {[%emt 0:02:54]} 27. Be3 {[%emt 0:01:43]} Qf7 {[%emt 0:00:35]} 28. Qe4 {[%emt 0:01:00]} Kf8 {[%emt 0:01:25]} 29. b3 {[%emt 0:00:26]} Qd5 {[%emt 0:01:53]} 30. Nd2 {[%emt 0:00:20]} Ba3 {[%emt 0:01:53]} 31. c4 {[%emt 0:00:55]} Qf7 {[%emt 0:03:34]} 32. Qd3 {[%emt 0:08:33]} Bc1 {[%emt 0:02:56]} 33. cxb5 {[%emt 0:01:29]} Qd5 {[%emt 0:00:06]} 34. bxc6 {[%emt 0:04:03]} Nxc6 {[%emt 0:00:36]} 35. h3 {[%emt 0:01:17]} a4 {[%emt 0:01:13]} 36. bxa4 {[%emt 0:05:24]} Qxa2 {[%emt 0:01:41]} 37. Qc3 {[%emt 0:01:23]} Bxd2 {[%emt 0:01:26]} 38. Bxd2 {[%emt 0:00:02]} Qxa4 {[%emt 0:00:22]} 39. Qc5+ {[%emt 0:00:13]} Ne7 {[%emt 0:01:20]} 40. Bb4 {[%emt 0:01:59]} Qd7 {[%emt 0:00:01]} 41. Qc4 {[%emt 0:01:18]} c6 {[%emt 0:01:04]} 42. Bxe7+ {[%emt 0:00:09]} Kxe7 {[%emt 0:00:05]} 43. Qg8 {[%emt 0:00:28]} Qxf5 {[%emt 0:00:13]} 44. Qxg7+ {[%emt 0:00:01]} Kd6 {[%emt 0:00:19]} 45. Qf8+ {[%emt 0:00:06]} Kd7 {[%emt 0:00:26]} 46. Qf7+ {[%emt 0:01:03]} Kd6 {[%emt 0:00:02]} 47. Qc4 {[%emt 0:01:11]} Qe4 {[%emt 0:00:39]} 48. Qb4+ {[%emt 0:00:52]} Kd5 {[%emt 0:00:21]} 49. Qc5+ {[%emt 0:00:45]} Ke6 {[%emt 0:00:01]} 50. Qc3 {[%emt 0:01:31]} Kd5 {[%emt 0:00:04]} 51. Qc5+ {[%emt 0:00:44]} Ke6 {[%emt 0:00:02]} 52. Kh2 {[%emt 0:00:32]} Qf4+ {[%emt 0:00:14]} 53. Kg1 {[%emt 0:00:08]} Qe3+ {[%emt 0:00:10]} 54. Kf1 {[%emt 0:00:15]} Qf4+ {[%emt 0:00:03]} 55. Kg1 {[%emt 0:01:31]} Qe3+ {[%emt 0:00:02]} 56. Kh1 {[%emt 0:00:16] Ke5 [%clk 0:00:00]} 1/2-1/2

[Event "Kashem Chowdhury Rating-A 2019"]
[Site "Dhaka"]
[Date "2019.05.10"]
[Round "7.2"]
[White "Islam, Kh. Aminul"]
[Black "Rahman, Ziaur"]
[Result "1/2-1/2"]
[WhiteElo "2229"]
[BlackElo "2485"]
[Annotator "TA"]
[PlyCount "91"]
[EventDate "2019.05.04"]
[EventType "swiss"]
[EventCountry "BAN"]
[SourceTitle "playchess.com"]
[Source "ChessBase"]
[SourceQuality "1"]

{[%evp 17,91,22,33,36,40,32,40,26,44,42,39,41,53,66,88,72,99,99,105,81,105,48,69,21,98,75,97,85,104,59,54,22,17,32,27,27,33,33,57,56,50,-73,93,69,83,82,74,71,75,72,71,62,62,0,49,41,41,46,48,43,87,87,102,81,87,87,87,61,72,38,25,33,42,36,83,62]} 1. d4 g6 2. Nf3 Bg7 3. c4 f5 4. g3 Nf6 5. Bg2 O-O 6. Nc3 d6 7. O-O c6 8. Qb3 Na6 9. Rd1 Qe8 10. c5+ {A88: Dutch Defence: Leningrad System: 5 Nf3 0-0 6 0-0 d6 7 Nc3 c6} d5 11. Ne5 $146 ({Predecessor:} 11. Bf4 h6 12. Be5 Nb8 13. a4 a5 14. e3 Nbd7 15. Ne2 Nxe5 16. Nxe5 Ng4 17. f4 Kh7 {½-½ (37) Maec,M (2464)-Pohlig,B (2488) Remote email 2013}) 11... Nc7 12. Qc2 {White is slightly better.} Nd7 13. f4 Nxe5 14. dxe5 g5 15. e3 a5 16. Ne2 Qh5 17. Nd4 Ne6 18. Nf3 Kh8 19. Bd2 (19. Rd3 $16) 19... Bh6 20. Rac1 Rg8 (20... d4 $1 $11 21. Nxg5 (21. Nxd4 Nxd4 22. exd4 gxf4 $14) (21. exd4 gxf4 22. Kf2 fxg3+ 23. hxg3 Bxd2 $17) 21... Bxg5) 21. Rf1 Qg6 22. Rf2 Bd7 23. Kh1 Qh5 24. Qc3 gxf4 25. gxf4 Rg6 26. Qd3 Rag8 27. Qe2 Rg4 28. Nd4 $1 Qg6 29. Qf1 {[#]} (29. Bc3 $14 {stays ahead.}) 29... Rh4 $2 (29... Bxf4 $1 $17 {[%mdl 512] and life is bright.} 30. Nxf5 (30. exf4 Nxd4) 30... Qxf5 31. exf4 Be8) 30. Bc3 (30. Ne2 {is interesting.} Qf7 31. Bc3 a4 32. Bf3 Qf8 33. Be1) 30... Nxd4 31. Bxd4 {e6+ is the strong threat.} Bg7 32. Bf3 Qh6 33. Rcc2 Be8 34. Rg2 e6 35. Qe1 (35. Qe2 $14) 35... Rh3 36. Rcf2 Bh5 37. Bxh5 Qxh5 38. Rg5 Qf7 39. Rfg2 a4 40. a3 Rh5 41. R5g3 Rh6 42. Qd1 Rg6 43. Rxg6 hxg6 44. Qxa4 Bh6 45. Qd1 Kg7 46. Qf3 {Accuracy: White = 47%, Black = 38%.} 1/2-1/2

[Event "Kashem Chowdhury Rating-A 2019"]
[Site "Dhaka"]
[Date "2019.05.10"]
[Round "7.3"]
[White "Sumit, Kumar"]
[Black "Sonkalan Bharati"]
[Result "1/2-1/2"]
[WhiteElo "2201"]
[BlackElo "2122"]
[Annotator "TA"]
[PlyCount "50"]
[EventDate "2019.05.04"]
[EventType "swiss"]
[EventCountry "BAN"]
[SourceTitle "playchess.com"]
[Source "ChessBase"]
[SourceQuality "1"]

{[%evp 25,50,16,27,29,27,16,16,10,13,0,0,0,0,0,0,-5,8,14,23,12,18,11,20,14,19,21,33]} 1. e4 e5 2. Nf3 Nf6 3. Nxe5 d6 4. Nf3 Nxe4 5. d4 d5 6. Bd3 Nc6 7. O-O Be7 8. c4 Nb4 9. Be2 O-O 10. Nc3 Bf5 11. a3 Nxc3 12. bxc3 Nc6 13. cxd5 Qxd5 14. Re1 {C42: Petroff Defence: 3 Nxe5 and unusual White 3rd moves} Rfe8 {[#]} 15. h3 $146 ({Predecessor:} 15. Bf4 Rac8 16. Bd3 Qd7 17. Rb1 Bxd3 18. Qxd3 b6 19. d5 Bf6 20. c4 h6 {½-½ (41) Leko,P (2740)-Bacrot,E (2717) Morelia/Linares 2006}) 15... h6 16. Bf4 Rac8 17. Bd3 Qd7 18. Rb1 Bxd3 19. Qxd3 b6 20. d5 $36 {[%mdl 2048] White has some pressure.} Bf6 21. c4 Ne7 22. Ne5 Bxe5 $1 {The position is equal.} 23. Rxe5 Ng6 24. Rxe8+ Rxe8 25. Bg3 Qe7 {Accuracy: White = 62%, Black = 72%.} 1/2-1/2

[Event "Kashem Chowdhury Rating-A 2019"]
[Site "Dhaka"]
[Date "2019.05.10"]
[Round "7.4"]
[White "Mohammad Minhaz Uddin"]
[Black "Ahmed, Sk. Nasir"]
[Result "1/2-1/2"]
[WhiteElo "2294"]
[BlackElo "2170"]
[Annotator "RC"]
[PlyCount "29"]
[EventDate "2019.05.04"]
[EventType "swiss"]
[EventCountry "BAN"]
[SourceTitle "playchess.com"]
[Source "ChessBase"]
[SourceQuality "1"]
[TimeControl "5400+30"]

1. e4 {[%emt 0:02:02]} c5 {[%emt 0:00:00]} 2. Nf3 {[%emt 0:00:03]} e6 {[%emt 0:00:00]} 3. d4 {[%emt 0:00:03]} cxd4 {[%emt 0:00:04]} 4. Nxd4 {[%emt 0:00:03]} Nc6 {[%emt 0:00:01]} 5. Nc3 {[%emt 0:00:16]} Nf6 {[%emt 0:00:15]} 6. Be2 {[%emt 0:01:28]} d6 {[%emt 0:00:40]} 7. O-O {[%emt 0:00:04]} Be7 {[%emt 0:00:11]} 8. Be3 {[%emt 0:00:58]} O-O {[%emt 0:00:13]} 9. f4 {[%emt 0:00:23]} Bd7 {[%emt 0:02:40]} 10. Qe1 {[%emt 0:04:41]} Nxd4 {[%emt 0:04:43]} 11. Bxd4 {[%emt 1:25:29]} Bc6 {[%emt 0:00:19]} 12. Qg3 {[%emt 0:00:13]} g6 {[%emt 0:01:14]} 13. Bf3 {[%emt 0:04:35]} b5 {[%emt 0:04:51]} 14. a3 {[%emt 0:09:38]} a5 {[%emt 0:00:28]} 15. Rad1 {[%emt 0:14:45]} 1/2-1/2

[Event "Kashem Chowdhury Rating-A 2019"]
[Site "Dhaka"]
[Date "2019.05.10"]
[Round "7.5"]
[White "Avik, Sarker"]
[Black "Mohammad Fahad, Rahman"]
[Result "1/2-1/2"]
[WhiteElo "2000"]
[BlackElo "2322"]
[Annotator "RC"]
[PlyCount "79"]
[EventDate "2019.05.04"]
[EventType "swiss"]
[EventCountry "BAN"]
[SourceTitle "playchess.com"]
[Source "ChessBase"]
[SourceQuality "1"]
[TimeControl "5400+30"]

1. d4 {[%emt 0:00:00]} d5 {[%emt 1:30:30]} 2. Bf4 {[%emt 0:00:00]} c5 {[%emt 0:00:10]} 3. e3 {[%emt 0:00:00]} Nc6 {[%emt 0:00:12]} 4. c3 {[%emt 0:00:14]} Nf6 {[%emt 0:00:12]} 5. Nd2 {[%emt 0:00:12]} Qb6 {[%emt 0:09:01]} 6. Qb3 {[%emt 0:01:08]} c4 {[%emt 0:00:21]} 7. Qc2 {[%emt 0:07:28]} g6 {[%emt 0:00:15]} 8. Be2 {[%emt 1:24:58]} Bf5 {[%emt 0:00:36]} 9. Qc1 {[%emt 0:00:02]} Bg7 {[%emt 0:02:14]} 10. Ngf3 {[%emt 0:01:18]} O-O {[%emt 0:04:07]} 11. h3 {[%emt 0:02:50]} Rfe8 {[%emt 0:07:41]} 12. O-O {[%emt 0:02:38]} Rac8 {[%emt 0:01:57]} 13. Re1 {[%emt 0:01:05]} Ne4 {[%emt 0:01:57]} 14. Nxe4 {[%emt 0:05:23]} Bxe4 {[%emt 1:08:17]} 15. Nd2 {[%emt 0:00:59]} Bf5 {[%emt 0:05:39]} 16. g4 {[%emt 0:10:10]} Bd3 {[%emt 0:03:35]} 17. Bxd3 {[%emt 0:03:06]} cxd3 {[%emt 0:00:17]} 18. Qb1 {[%emt 0:00:44]} e5 {[%emt 0:01:28]} 19. dxe5 {[%emt 0:02:19]} Bxe5 {[%emt 0:00:24]} 20. Nf3 {[%emt 0:53:03]} Bxf4 {[%emt 0:10:16]} 21. exf4 {[%emt 0:00:15]} Re2 {[%emt 0:00:05]} 22. Rxe2 {[%emt 0:34:28]} dxe2 {[%emt 0:00:01]} 23. Qc2 {[%emt 0:01:46]} Re8 {[%emt 0:00:23]} 24. Re1 {[%emt 0:32:06]} Re4 {[%emt 0:05:18]} 25. Qd2 {[%emt 0:08:30]} Qb5 {[%emt 0:00:52]} 26. Kg2 {[%emt 0:01:52]} a5 {[%emt 0:03:07]} 27. b3 {[%emt 0:00:47]} a4 {[%emt 0:00:24]} 28. Ng5 {[%emt 0:03:31]} Re7 {[%emt 0:00:00]} 29. f5 {[%emt 0:08:34]} axb3 {[%emt 0:01:42]} 30. f6 {[%emt 0:01:27]} Re5 {[%emt 0:00:33]} 31. axb3 {[%emt 0:04:30]} d4 {[%emt 0:02:03]} 32. Nf3 {[%emt 0:01:32]} Re6 {[%emt 0:00:06]} 33. c4 {[%emt 0:02:13]} Qc5 {[%emt 0:03:53]} 34. g5 {[%emt 0:01:39]} Ne5 {[%emt 0:00:05]} 35. Qxd4 {[%emt 0:00:30]} Qc6 {[%emt 0:01:45]} 36. Qd5 {[%emt 0:00:12]} Nxf3 {[%emt 0:00:14]} 37. Kxf3 {[%emt 0:00:24]} Qe8 {[%emt 0:00:00]} 38. Qd2 {[%emt 0:00:47]} Qc6+ {[%emt 0:09:07]} 39. Qd5 {[%emt 0:00:10]} Qe8 {[%emt 0:00:14]} 40. Qd2 {[%emt 0:00:14]} 1/2-1/2